[Event "Loire Cup 2000 Phase Ligue"]
[Site "Loire"]
[Date "2003.02.23"]
[Round "1"]
[White "Chebance, Benoit"]
[Black "Farge, Damien"]
[Result "1-0"]
[WhiteElo "1890"]
[BlackElo "1260"]
[PlyCount "53"]
[EventDate "2003.02.23"]
[EventType "team"]
[EventRounds "3"]
[EventCountry "FRA"]
[SourceTitle "EXT 2008"]
[Source "ChessBase"]
[SourceDate "2007.11.25"]
[SourceVersion "1"]
[SourceVersionDate "2007.11.25"]
[SourceQuality "1"]

1. e4 e5 2. Nf3 Nc6 3. d4 f6 4. Bc4 Nge7 5. dxe5 fxe5 6. Ng5 d5 7. exd5 Na5 8. Bb5+ c6 9. dxc6 Qxd1+ 10. Kxd1 bxc6 11. Ba4 h6 12. Ne4 Bg4+ 13. f3 0-0-0+ 14. Ke2 Bf5 15. Nbc3 Nd5 16. Bb3 Nxb3 17. axb3 Nxc3+ 18. bxc3 Kb7 19. Be3 Ra8 20. Rhd1 Be7 21. Ra5 Bf6 22. Nd6+ Kc7 23. Nxf5 g6 24. Ng3 Kb7 25. Ne4 Be7 26. Nc5+ Kb6 27. Ra6+ 1-0